Central Library OPAC University of Rajshahi

Income and economic welfare. (Record no. 4867)

MARC details
000 -LEADER
fixed length control field 00730cam a22002651 4500
001 - CONTROL NUMBER
control field 4867
003 - CONTROL NUMBER IDENTIFIER
rucl marc code BD-RjUL
005 - DATE AND TIME OF LATEST TRANSACTION
control field 20211208233953.0
008 - FIXED-LENGTH DATA ELEMENTS--GENERAL INFORMATION
fixed length control field 131223r19631959enka 001 0 eng
035 ## - SYSTEM CONTROL NUMBER
System control number (BD-RjUL)4902
System control number (OCoLC)2658766
040 ## - CATALOGING SOURCE
Original cataloging agency DLC
Transcribing agency OYU
Modifying agency Uk
-- DLC
-- BD-RjUL
Language of cataloging eng
041 ## - LANGUAGE CODE
Language code of text/sound track or separate title eng
082 ## - DEWEY DECIMAL CLASSIFICATION NUMBER
Classification number 339.41
Author mark and year STI 1963
100 1# - MAIN ENTRY--PERSONAL NAME
Personal name Sturmey, S.G.
9 (RLIN) 15350
245 10 - TITLE STATEMENT
Title Income and economic welfare.
Statement of responsibility, etc. by S.G. Sturmey.
260 ## - PUBLICATION, DISTRIBUTION, ETC. (IMPRINT)
Place of publication, distribution, etc. London :
Name of publisher, distributor, etc. Longmans,
Date of publication, distribution, etc. c1959 [Reprint 1963].
300 ## - PHYSICAL DESCRIPTION
Pagination 208 p. :
Illustrations illus. ;
Size 23 cm.
504 ## - BIBLIOGRAPHY, ETC. NOTE
Bibliography, etc Includes Index.
650 #0 - SUBJECT ADDED ENTRY--TOPICAL TERM
Topical term or geographic name as entry element Income.
9 (RLIN) 15351
Topical term or geographic name as entry element Cost and standard of living.
9 (RLIN) 9529
942 ## - ADDED ENTRY ELEMENTS (KOHA)
Source of classification or shelving scheme Dewey Decimal Classification
Koha item type Books
Holdings
Lost status Source of classification or shelving scheme Damaged status Not for loan Collection code Permanent Location Current Location Shelving location Date acquired Source of acquisition Cost, normal purchase price Total Checkouts Full call number Date last seen Copy number Koha item type
  Dewey Decimal Classification   Not For Loan Non-fiction Central Library, University of Rajshahi Central Library, University of Rajshahi   03/12/1968 Zeitlinger 25.00   339.41 STI 1963 23/12/2013 C-1 Books
  Dewey Decimal Classification     Non-fiction Central Library, University of Rajshahi Central Library, University of Rajshahi   03/12/1968 Mathigus 25.00   339.41 STI 1963 26/07/2016 C-2 Books